| 000 | 00420nam a2200157 i 4500 | ||
|---|---|---|---|
| 001 | 130009 | ||
| 003 | ES-MaACL | ||
| 005 | 20230906193625.0 | ||
| 007 | t| | ||
| 008 | 070716s1933 no ||||1| eng d | ||
| 100 | 1 |
_aSevensma, T. P. _9105915 |
|
| 245 | 1 | 0 |
_aModern librarianship / _cby T. P. Sevensma. |
| 260 |
_a[Oslo : _bGrondahl & Sons], _c1933. |
||
| 300 |
_aP. 235-240 ; _c25 cm. |
||
| 852 |
_aES-MaACL _j1766-F-12 |
||
| 999 |
_c130009 _d130009 |
||